书目信息 |
| 题名: |
数学建模方法与分析
|
|
| 作者: | 米尔斯切特, , 米尔斯切特 著 ;杨淳 , 刘来福 , 黄海洋 译 | |
| 分册: | ||
| 出版信息: | 北京 机械工业出版社 2005.06 |
|
| 页数: | 256页 | |
| 开本: | 24cm | |
| 丛书名: | 华章数学译丛 | |
| 单 册: | ||
| 中图分类: | O22 | |
| 科图分类: | ||
| 主题词: | ||
| 电子资源: | ||
| ISBN: | 7-111-16440-7 | |
| 000 | 00873nam 2200241 450 | |
| 001 | CAL 012005081639 | |
| 005 | 20061012164450.56 | |
| 010 | @a7-111-16440-7@dCNY 33.00 | |
| 099 | @aCAL 012005081639 | |
| 200 | 1 | @a数学建模方法与分析@Ashu xue jian mo fang fa yu fen xi@d= Mathematical modeling@f(新西兰)米尔斯切特著@F(xin xi lan)mi er si qie te zhu@g刘来福, 杨淳, 黄海洋译@zeng |
| 210 | @a北京@c机械工业出版社@d2005.06 | |
| 215 | @a256页@c图@d24cm | |
| 225 | 2 | @a华章数学译丛@Ahua zhang shu xue yi cong |
| 320 | @a有索引 | |
| 510 | 1 | @aMathematical modeling@zeng |
| 690 | @aO22@v4 | |
| 701 | 1 | @a米尔斯切特,@Ami er si qie te@bM. M.@g(Meerschaert, Mark M.),@f1955-@4著 |
| 701 | 0 | @a米尔斯切特@Ami er si qie te@4著 |
| 702 | 0 | @a杨淳@Ayang chun@4译 |
| 702 | 0 | @a刘来福@Aliu lai fu@4译 |
| 702 | 0 | @a黄海洋@Ahuang hai yang@4译 |
| 801 | 0 | @c20061012 |
| 905 | @a10447@dO22@eM651 | |
| 数学建模方法与分析= Mathematical modeling/(新西兰)米尔斯切特著/刘来福, 杨淳, 黄海洋译.-北京:机械工业出版社,2005.06 |
| 256页:图;24cm.-(华章数学译丛) |
| ISBN 7-111-16440-7:CNY 33.00 |
| ● |
| 相关链接 |
|
|
|
正题名:数学建模方法与分析
索取号:O22/M651
 
预约/预借
| 序号 | 登录号 | 条形码 | 馆藏地/架位号 | 状态 | 备注 |
| 1 | 549573 | 205495739 | 自科库401/401自科库 40排3列5层/ [索取号:O22/M651] | 在馆 | |
| 2 | 549574 | 205495748 | 社科二线400B/400B社科库 2排4列1层/ [索取号:O22/M651] | 在馆 | |
| 3 | 549575 | 205495757 | 期刊室512/401自科库 40排3列5层/ [索取号:O22/M651] | 在馆 | |
| 4 | 602605 | 206026058 | 自科库401/401自科库 46排5列1层/ [索取号:O22/M651] | 在馆 | |
| 5 | 602606 | 206026067 | 数理学院资料室/ [索取号:O22/M651] | 在馆 | |
| 6 | 602607 | 206026076 | 自科库401/401自科库 78排2列3层/ [索取号:O22/M651] | 在馆 |